000 00663cam a2200229 4500500
005 20260329004510.0
041 _afre
042 _adc
100 1 0 _aTenaillon, Nicolas
_eauthor
245 0 0 _aPourquoi faisons-nous du jogging ?
260 _c2020.
500 _a41
690 _aBaudrillard
690 _aCourse
690 _aGeorges Vigarello
690 _aJogging
690 _aMarcel Mauss
690 _aRunning
690 _aZénon d’Élée
786 0 _nPhilosophie magazine | 137 | 3 | 2020-03-01 | p. 41-41 | 1951-1787
856 4 1 _uhttps://shs.cairn.info/magazine-philosophie-magazine-2020-3-page-41?lang=fr&redirect-ssocas=7080
999 _c1834482
_d1834482